| 000 | 01108nam a2200301 i 4500 | ||
|---|---|---|---|
| 001 | 768714001 | ||
| 003 | CO-MdFUSB | ||
| 005 | 20250801130640.0 | ||
| 008 | 190529s2018 ck a|||g |||| 00| 0 spa d | ||
| 020 | _a9789585690851 | ||
| 040 |
_aCO-MdFUSB _bspa _cCO-MdFUSB _dCO-MdFUSBC _erda |
||
| 041 | _aspa | ||
| 082 |
_224 _aG 261 _bF288a |
||
| 245 | 1 | 0 |
_aUna nueva identidad _b: Manual del facilitador _c/ Saskia A. Donner , Jhohan E. Centeno , Isabel Orozco , Leonela Orozco y Leonardo Ramírez. |
| 264 | 1 |
_aMedellín, Colombia : _bPublicaciones SBC, _c℗[2018] |
|
| 264 | 4 | _c©2018 | |
| 300 |
_a40 páginas ; _c28 cm ; _bilustraciones |
||
| 336 |
_2rdacontent _atexto _btxt |
||
| 337 |
_2rdamedia _asin mediación _bn |
||
| 338 |
_2rdacarrier _avolumen _bnc |
||
| 490 | 1 | _aFe y desplazamiento | |
| 505 | _aIntroducción general -- Sesión 1 -- Sesión 2 -- Sesión 3 -- Sesión 4 | ||
| 650 | 0 |
_91177 _aIglesia y problemas sociales |
|
| 830 |
_aFe y desplazamiento _p: Enseñanza - Aprendizaje |
||
| 856 | _uhttps://repositorio.repci.co/handle/123456789/305 | ||
| 942 | _cBK | ||
| 945 | _aANF-558 | ||
| 999 |
_c65087 _d65087 |
||